[Event "Arica op 2nd"]
[Site "Arica"]
[Date "2015.01.14"]
[Round "2"]
[White "Aguilar, Luis"]
[Black "Vera Siguenas, Deivy Anthoni"]
[Result "1/2-1/2"]
[WhiteElo "1990"]
[BlackElo "2455"]
[PlyCount "92"]
[EventDate "2015.01.13"]
[EventType "swiss"]
[EventRounds "9"]
[EventCountry "CHI"]
[SourceTitle "EXT 2016"]
[Source "ChessBase"]
[SourceDate "2015.10.08"]
[SourceVersion "1"]
[SourceVersionDate "2015.10.08"]
[SourceQuality "1"]

1. g3 Nf6 2. c4 g6 3. Bg2 Bg7 4. Nf3 0-0 5. Nc3 d6 6. 0-0 Nc6 7. d4 a6 8. a3 Bf5 9. b4 Ne4 10. Bb2 Nxc3 11. Bxc3 Be4 12. Rc1 d5 13. b5 Nb8 14. bxa6 Rxa6 15. Bb4 Nc6 16. e3 Nxb4 17. axb4 dxc4 18. Rxc4 Qd6 19. Nd2 Bxg2 20. Kxg2 Rfa8 21. Qf3 c6 22. Ne4 Qd5 23. Rc5 Qd7 24. b5 cxb5 25. Rb1 Rb6 26. Nc3 Rc6 27. Rbxb5 Rxc5 28. Rxc5 Rc8 29. Na4 Rc7 30. Rxc7 Qxc7 31. Nc5 b6 32. Qa8+ Bf8 33. Na6 Qd7 34. Nb8 Qc7 35. Na6 Qd6 36. Qc8 e5 37. dxe5 Qxe5 38. Nb8 Qe4+ 39. Kg1 Kg7 40. Nd7 Qb1+ 41. Kg2 Be7 42. Qc3+ f6 43. Qc7 Qe4+ 44. Kg1 b5 45. Nb6 Qe5 46. Qb7 Kf7 1/2-1/2

[Event "Arica op 2nd"]
[Site "Arica"]
[Date "2015.01.14"]
[Round "3"]
[White "Aguirre Contreras, Cristian Rodrigo"]
[Black "Aguilar, Luis"]
[Result "1-0"]
[WhiteElo "2222"]
[BlackElo "1990"]
[PlyCount "55"]
[EventDate "2015.01.13"]
[EventType "swiss"]
[EventRounds "9"]
[EventCountry "CHI"]
[SourceTitle "EXT 2016"]
[Source "ChessBase"]
[SourceDate "2015.10.08"]
[SourceVersion "1"]
[SourceVersionDate "2015.10.08"]
[SourceQuality "1"]

1. e4 c5 2. c3 g6 3. d4 cxd4 4. cxd4 Bg7 5. Nc3 d6 6. Bc4 Nf6 7. Nf3 0-0 8. Bb3 Nc6 9. 0-0 Bg4 10. Be3 Nh5 11. Qd3 Bxf3 12. gxf3 Bxd4 13. Kh1 Be5 14. Qd2 Qd7 15. f4 Bxc3 16. Qxc3 Qh3 17. Bd2 Qh4 18. Qe3 e5 19. f5 Nd4 20. fxg6 hxg6 21. Rg1 Nf4 22. Qg3 Qxg3 23. Rxg3 Nh5 24. Rxg6+ Ng7 25. Rag1 Nf3 26. Rxg7+ Kh8 27. R7g3 Nxd2 28. Rh3# 1-0